Catalog

Record Details

Catalog Search



Available copies

  • 2 of 2 copies available at LARL/NWRL Consortium. (Show)
  • 1 of 1 copy available at Northwest Regional Library.

Current holds

0 current holds with 2 total copies.

Show Only Available Copies
Location Call Number / Copy Notes Barcode Shelving Location Status Due Date
Thief River Falls Public Library AKP (Text) 35500006520199 Main Available -

Record details

  • ISBN: 9780393881424
  • ISBN: 0393881423
  • Physical Description: pages cm
  • Edition: First edition.
  • Publisher: New York : W. W. Norton & Company, [2022]

Content descriptions

Summary, etc.:
"A daring first novel in the great picaresque ... Read More
Subject: Nigerians > New York (State) > New York > Fiction.
Publishers and publishing > Fiction.
Africans > United States > Fiction.
African diaspora > Fiction.
African diaspora.
Africans.
Nigerians.
Publishers and publishing.
New York (State) > New York.
United States.
Genre: Fiction.
Satirical literature.
Satire.
Satirical literature.
LDR 02959cam a22005418i 4500
001377149
003LARL_NWRL_CONSORTIUM
00520211007202647.0
008210512s2021 nyu 000 1 eng
010 . ‡a 2021022378
040 . ‡aDLC ‡beng ‡erda ‡cDLC ‡dOCLCO ‡dOCLCF
020 . ‡a9780393881424 ‡q(hardcover)
020 . ‡a0393881423
020 . ‡z9780393881431 ‡q(epub)
035 . ‡a(OCoLC)1233267039
042 . ‡apcc
043 . ‡an-us-ny
08200. ‡a823/.92 ‡223
1001 . ‡aAkpan, Uwem, ‡eauthor. ‡0(LARL_NWRL_CONSORTIUM)198160
24510. ‡aNew York, my village / ‡cUwem Akpan.
250 . ‡aFirst edition.
264 1. ‡aNew York : ‡bW. W. Norton & Company, ‡c[2022]
300 . ‡apages cm
336 . ‡atext ‡btxt ‡2rdacontent
337 . ‡aunmediated ‡bn ‡2rdamedia
338 . ‡avolume ‡bnc ‡2rdacarrier
520 . ‡a"A daring first novel in the great picaresque tradition-both buoyant comedy and devastating satire-by the author of the best-selling story collection Say You're One of Them. Ekong Udousoro is a Nigerian editor undertaking a reckoning with the brutal recent history of his homeland by curating a collection of stories about the Biafran War. He is thrilled when a publishing fellowship gives him the opportunity to continue his work in Manhattan while learning the ins and outs of publishing. But while his sophisticated colleagues meet him with kindness and hospitality, he is soon exposed to the industry's colder, ruthlessly commercial underbelly, boorish and hostile neighbors, and-beneath a superficial cosmopolitanism-a bedrock of white cultural superiority and racist assumptions about Africa, its peoples, and worst of all, its food. Haunted by the devasting darkness of civil war and searingly observant about the myriad ways that tribalism defines life everywhere from the villages of Africa to the villages within New York City, New York, My Village is nevertheless full of heart, hilarity, and hope"-- ‡cProvided by publisher.
650 0. ‡aNigerians ‡zNew York (State) ‡zNew York ‡vFiction.
650 0. ‡aPublishers and publishing ‡vFiction. ‡0(LARL_NWRL_CONSORTIUM)166680
650 0. ‡aAfricans ‡zUnited States ‡vFiction.
650 0. ‡aAfrican diaspora ‡vFiction.
650 7. ‡aAfrican diaspora. ‡2fast ‡0(LARL_NWRL_CONSORTIUM)38235
650 7. ‡aAfricans. ‡2fast ‡0(LARL_NWRL_CONSORTIUM)12953
650 7. ‡aNigerians. ‡2fast ‡0(LARL_NWRL_CONSORTIUM)26829
650 7. ‡aPublishers and publishing. ‡2fast ‡0(LARL_NWRL_CONSORTIUM)29112
651 7. ‡aNew York (State) ‡zNew York. ‡2fast
651 7. ‡aUnited States. ‡2fast ‡0(LARL_NWRL_CONSORTIUM)54625
655 7. ‡aFiction. ‡2fast
655 7. ‡aSatirical literature. ‡2fast
655 7. ‡aSatire. ‡2gsafd
655 7. ‡aSatirical literature. ‡2lcgft
905 . ‡uvanderl
901 . ‡a377149 ‡b ‡c377149 ‡tbiblio ‡soclc

Additional Resources